Health System Management and Leadership (Record no. 249287)

MARC details
000 -LEADER
fixed length control field 00566nam a22001937a 4500
003 - CONTROL NUMBER IDENTIFIER
control field OSt
008 - FIXED-LENGTH DATA ELEMENTS--GENERAL INFORMATION
fixed length control field 250519b |||||||| |||| 00| 0 eng d
020 ## - INTERNATIONAL STANDARD BOOK NUMBER
International Standard Book Number 9780323883849
082 ## - DEWEY DECIMAL CLASSIFICATION NUMBER
Classification number 362.1068
100 ## - MAIN ENTRY--PERSONAL NAME
Personal name Vanwye, William R
245 ## - TITLE STATEMENT
Title Health System Management and Leadership
Remainder of title for Physical and Occupational Therapists
Statement of responsibility, etc William R Vanwye; Dianna Lunsford
250 ## - EDITION STATEMENT
Edition statement 1st
260 ## - PUBLICATION, DISTRIBUTION, ETC. (IMPRINT)
Place of publication, distribution, etc New Delhi
Name of publisher, distributor, etc Elsevier
Date of publication, distribution, etc 2025
650 ## - SUBJECT ADDED ENTRY--TOPICAL TERM
Form subdivision Occupational Therapy
General subdivision Health System Management
942 ## - ADDED ENTRY ELEMENTS (KOHA)
Item type Books
Source of classification or shelving scheme Dewey Decimal Classification
Holdings
Withdrawn status Lost status Damaged status Permanent location Current location Date acquired Source of acquisition Cost, normal purchase price Full call number Barcode Date last seen Koha item type
      CENTRAL LIBRARY, NOORUL ISLAM CENTRE FOR HIGHER EDUCATION CENTRAL LIBRARY, NOORUL ISLAM CENTRE FOR HIGHER EDUCATION 05/17/2025 Masters Books Distributors, Kollam 7215.10 362.1068 R5 84997 05/19/2025 Books
Visitors:
Copyright © 2024 Central Library NICHE.  All rights reserved.